A conceptual introduction to chemistry

A Conceptual Introduction to Chemistry by Bauer/Birk/Marks offers today’s student a fresh perspective to the introduction of chemistry. This new textbook offers a conceptual approach to chemistry by starting first with macroscopic phenomena, and then presenting the underlying microscopic detail. Eac...

وصف كامل

محفوظ في:
التفاصيل البيبلوغرافية
المؤلف الرئيسي: Bauer, Richard C.
التنسيق: كتاب
اللغة:Undetermined
منشور في: Boston McGraw-Hill Higher Education 2007
الموضوعات:
الوسوم: إضافة وسم
لا توجد وسوم, كن أول من يضع وسما على هذه التسجيلة!
Thư viện lưu trữ: Trung tâm Học liệu Trường Đại học Cần Thơ
LEADER 01197nam a2200217Ia 4500
001 CTU_100561
008 210402s9999 xx 000 0 und d
020 |c 1780000 
082 |a 540 
082 |b B344 
100 |a Bauer, Richard C. 
245 2 |a A conceptual introduction to chemistry 
245 0 |c Richard C. Bauer, James P. Birk, Pamela S. Marks 
260 |a Boston 
260 |b McGraw-Hill Higher Education 
260 |c 2007 
520 |a A Conceptual Introduction to Chemistry by Bauer/Birk/Marks offers today’s student a fresh perspective to the introduction of chemistry. This new textbook offers a conceptual approach to chemistry by starting first with macroscopic phenomena, and then presenting the underlying microscopic detail. Each chapter opens with a real-life scenario that helps students connect abstract chemical concepts to their own lives. The math found in A Conceptual Introduction to Chemistry is introduced on a need-to-know basis, with "Math Toolboxes" ending each chapter, in support of the math skills required in that chapter. 
650 |a Chemistry 
650 |x Textbooks 
904 |i Giang 
980 |a Trung tâm Học liệu Trường Đại học Cần Thơ